1979 General Catalog ( Electronic) (Record no. 166443)

MARC details
000 -LEADER
fixed length control field 00388nam a2200157Ia 4500
008 - FIXED-LENGTH DATA ELEMENTS--GENERAL INFORMATION
fixed length control field 230612s9999 xx 000 0 und d
041 ## - LANGUAGE CODE
Language code of text/sound track or separate title eng
082 ## - DEWEY DECIMAL CLASSIFICATION NUMBER
Classification number 621.38 BRO
100 ## - MAIN ENTRY--PERSONAL NAME
Personal name Brown B.
9 (RLIN) 118159
245 ## - TITLE STATEMENT
Title 1979 General Catalog ( Electronic)
260 ## - PUBLICATION, DISTRIBUTION, ETC. (IMPRINT)
Date of publication, distribution, etc. 1979
Name of publisher, distributor, etc. Brown B.
365 ## - TRADE PRICE
Currency code Rs.
700 ## - ADDED ENTRY--PERSONAL NAME
Personal name Brown B.
9 (RLIN) 118159
906 ## - LOCAL DATA ELEMENT F, LDF (RLIN)
d B:24-Apr-2008
c ETC
Holdings
Withdrawn status Lost status Damaged status Not for loan Home library Current library Date acquired Vendor Budget Code Full call number Barcode Date last seen Bill Date Koha item type Original Barcode
Withdrawn       Cummins College of Engineering for Women Pune Cummins College of Engineering for Women Pune 10/08/1993 Masurkar Enterprises ETC 621.38 BRO CCEP-BK-2161 12/06/2023 24/04/2008 Books 002161